=LDR 00000nam 2200000 4500 =001 INLIS00000000000075 =005 20260702043538 =020 ##$$a 978-623-473-067-8 =082 ##$$a 899.221 =100 1#$$a Lika =245 1 $$a Perempuan Sunyi /$c Lika =300 ##$$a 74 hlm ; 14x20 cm